000 01227naa a22003137a 4500
001 BR8701407
003 BR-BrBNA
005 20240918175757.0
007 ta
008 230509b bl.||||| |||| 00| 0 por d
040 _aBR-BrBNA
_bpor
_cBiblioteca Nacional de Agricultura
041 _a(Pt)
072 _aF04
_b1740
_b3820
_bG514
090 _aF04 BR8701407
100 1 _aMachado, M.O.
100 1 _aVizzotto, V.J.
100 1 _aYokoyama, S.
111 1 _a19. Congresso Brasileiro de Olericultura
_cFlorianopolis, SC (Brazil)
_d23-29 Jul 1979
245 1 _aAdubacao da cebola Allium cepa L. em Santa Catarina 1. efeitos de niveis crescentes de nitrogenio sobre os rendimentos de tres cultivares em dois cambissolos [Brasil]
260 3 _aFlorianopolis, SC (Brasil):
_c1979.
500 _aResumos do 19. Congresso Brasileiro de Olericultura Florianopolis, SC (Brasil): 1979. p. 233-235 (BR8701407-AM)F04
650 _aCEBOLA
650 _aFERTILIZANTE NITROGENADO
650 _aADUBACAO
650 _aSANTA CATARINA
773 0 _tResumos do 19. Congresso Brasileiro de Olericultura
_wF04 BR8701407
_gFlorianopolis, SC (Brasil), 1979. p. 233-235
909 _a202404
_bLucia
_c55
_dLucia Elande
942 _cAM
_2AGRIS
999 _c318089
_d318089